Alternatívne metódy výučby logických obvodov
Salvato in:
| Autore principale: | |
|---|---|
| Altri autori: | |
| Natura: | Manoscritto Libro |
| Lingua: | slovacco |
| Pubblicazione: |
2022
|
| Soggetti: | |
| Accesso online: | http://is.stuba.sk/zp/portal_zp.pl?podrobnosti=148444 |
| Tags: |
Nessun Tag, puoi essere il primo ad aggiungerne!!
|
MARC
| LEADER | 00000ntm a22000003a 4500 | ||
|---|---|---|---|
| 001 | stuzp88037 | ||
| 003 | SK-STU | ||
| 005 | 20220625210835.8 | ||
| 007 | ta | ||
| 008 | 150427s2015----xo-----f-mn---000-0-slo-d | ||
| 040 | |a STU |b slo | ||
| 041 | 0 | |a slo | |
| 100 | 1 | |a Langová, Anetta |u 070400 |4 aut |U FIIT Fakulta informatiky a informačných technológií |T FIIT Ústav počítačového inžinierstva a aplikovanej informatiky |X 96939 |U I400 |Y 672 |7 96939 | |
| 242 | 0 | 1 | |a Alternative methods of teaching logic circuits |y eng |
| 245 | 1 | 0 | |a Alternatívne metódy výučby logických obvodov |
| 260 | |c 2022 | ||
| 650 | 4 | |a logické obvody |2 slo | |
| 650 | 4 | |a zadania |2 slo | |
| 650 | 4 | |a webová aplikácia |2 slo | |
| 650 | 4 | |a interpretácia realizácie výučby |2 slo | |
| 650 | 4 | |a nástroje na generovanie úloh |2 slo | |
| 650 | 4 | |a nástroje na validáciu úloh |2 slo | |
| 650 | 4 | |a logic circuits |2 eng | |
| 650 | 4 | |a assignments |2 eng | |
| 650 | 4 | |a web app |2 eng | |
| 650 | 4 | |a interpretation of the implementation of teaching |2 eng | |
| 650 | 4 | |a generations tools |2 eng | |
| 650 | 4 | |a validation tools |2 eng | |
| 700 | 1 | |a Krištofík, Štefan |u 070400 |k Z8 |4 ths |U FIIT Fakulta informatiky a informačných technológií |T FIIT Ústav počítačového inžinierstva a aplikovanej informatiky |X 24559 |U I400 |Y 672 |7 A000024559 | |
| 856 | 4 | |u http://is.stuba.sk/zp/portal_zp.pl?podrobnosti=148444 | |